00334nam a2200097Ia 4500008004100000100004000041245010300081260003500184300000900219365000800228220603s9999 xx 000 0 und d aBharti Vidyapeeth Deemed University aNational conference on synergizing for excellence in nursing educationb10th to 12th December 2015 apunebBharati Vidyapeethc2015 a115p bRs.